Brasileirão 2026 - Série A, B, C e D - Statistics

Estatísticas Gerais
  • Esse quiz foi jogado 63 vezes
  • A pontuação média é 90 de 156
Estatísticas das Respostas
Divisão Resposta % Correto
A Flamengo
98%
A Palmeiras
98%
A Athletico Paranaense
96%
D Atlético Cearense
96%
D Atlético de Alagoinhas
96%
B Atlético Goianiense
96%
A Atlético Mineiro
96%
A Corinthians
96%
A São Paulo
96%
A Botafogo
95%
C Botafogo-PB
95%
B Botafogo-SP
95%
A Coritiba
95%
A Cruzeiro
95%
A Vasco
95%
A Fluminense
93%
D Fluminense-PI
93%
A Grêmio
93%
A Remo
93%
A Santos
93%
A Bahia
91%
A Internacional
91%
C Internacional de Limeira
91%
A Mirassol
91%
A RB Bragantino
91%
A Vitória
91%
D Vitória-ES
91%
B América Mineiro
89%
D América-RJ
89%
D América-RN
89%
A Chapecoense
89%
B Náutico
88%
B Sport
88%
B Ceará
86%
B Fortaleza
86%
C Santa Cruz
86%
B CRB
84%
B Juventude
84%
C Paysandu
84%
B Goiás
82%
D CSA
80%
B Cuiabá
80%
B Avaí
79%
C Guarani
79%
B Operário Ferroviário
77%
D Operário-MS
77%
D Operário-VG
77%
C Amazonas
75%
B Athletic
75%
D Brasil de Pelotas
75%
B Criciúma
75%
B Ponte Preta
75%
D Portuguesa-RJ
75%
D Portuguesa-SP
75%
B São Bernardo
73%
C Figueirense
71%
B Novorizontino
71%
C Caxias
70%
B Vila Nova
70%
C Volta Redonda
70%
B Londrina
68%
D ABC
66%
D ASA
66%
C Ituano
66%
D Manaus
66%
D Brasiliense
64%
D Sampaio Corrêa-MA
64%
D Sampaio Corrêa-RJ
64%
C Ferroviária
63%
D Joinville
63%
D Rio Branco-ES
63%
D Gama
61%
C Confiança
57%
C Barra
55%
C Brusque
55%
D Luverdense
55%
C Maringá
55%
C Ypiranga de Erechim
55%
D Ferroviário
54%
D Treze
54%
D Jacuipense
52%
D São José-RS
52%
D Tuna Luso
52%
C Floresta
50%
D Madureira
50%
C Maranhão
50%
D Nova Iguaçu
50%
C Anápolis
48%
D Juazeirense
48%
D Marcílio Dias
48%
D Nacional-AM
48%
D Porto
48%
D Sergipe
48%
D Tombense
48%
D XV de Piracicaba
48%
D Sousa
46%
D Água Santa
45%
D Altos
45%
C Itabaiana
45%
D Mixto
45%
D Moto Club
45%
D São Raimundo-RR
45%
D CRAC
43%
D CSE
43%
D Central
41%
D Tocantinópolis
41%
D Cianorte
39%
D Manauara
39%
D Retrô
39%
D São Luiz-RS
39%
D Trem
39%
D Aparecidense
38%
D Cascavel
38%
D Guarany de Bagé
38%
D Maricá
38%
D Uberlândia
38%
D Blumenau
36%
D Capital
36%
D Ceilândia
36%
D Noroeste
36%
D Velo Clube
36%
D Águia de Marabá
34%
D Humaitá
34%
D Azuriz
32%
D Iguatu
32%
D Imperatriz
32%
D Pouso Alegre
32%
D União Rondonópolis
32%
D Gazin Porto Velho
30%
D Lagarto
30%
D Independência
29%
D Maracanã
29%
D Real Noroeste
29%
D Betim
27%
D GAS
27%
D Goiatuba
27%
D Primavera-MT
27%
D Santa Catarina
27%
D Araguaína
25%
D Democrata
25%
D Guaporé
25%
D IAPE
25%
D Monte Roraima
23%
D São Joseense-PR
23%
D ABECAT
21%
D Laguna
21%
D Oratório
21%
D Serra Branca
21%
D Decisão Goiana
20%
D Galvez
20%
D Inhumas
18%
D Ivinhema
18%
D Maguary
18%
D Tirol
18%
D Teresina
2%
D Paranahyba
0%
Nenhum quiz correspondente encontrado
Distribuição das Pontuações
Porcentagem de Pessoas com Cada Pontuação
Percentil de Números Respondidos
Sua Pontuação Histórica
Você não jogou esse quiz